000 00664cab a2200241 4500
001 ABS60550
008 090401t1999 xxu||||| |||| 00| 0 eng d
035 _a(Sirsi) u92641
041 _aeng
100 _aCounsell, D.
245 _aMaking sustainable development operational
260 _c1999
350 _a0
490 _aTown & Country Planning
_v68(4) Apr 1999, 131-133; 68(5) May 99, 159-161(6)
650 _aENVIRONMENTAL PROTECTION
650 _aLOCAL AUTHORITIES
650 _aPLANNING SYSTEM
650 _aSTRUCTURE PLANS
650 _aSUSTAINABLE DEVELOPMENT
690 _aPLANNING LAW AND PRACTICE
942 _n0
948 _c08/04/1999
999 _c58713
_d58713